000
00288nam a22001337a 4500
008
260216b ||||| |||| 00| 0 eng d
020
_a
2.1
041
_a
shqip
080
_a
2.1
100
_a
20
101
_a
media
245
_a
Gazetaria Hulumtuese
_c
Musa Sabedini
942
_2
lcc
_c
BK
999
_c
60798
_d
60798